000 00916nam a2200241Ia 4500
003 OSt
005 20221005112207.0
006 a|||||r|||| 00| 0
007 ta
008 221004b |||||||| |||| 00| 0 pan d
020 _c125
024 _a5968
037 _b704, 14/06/2013, H.K. Prakashan
_cTextual
040 _aCRL
_cCRL
_bpan
041 _2pan
_apan
082 _aO153,3N35:g, P3
100 _aਸੋਢੀ, ਪ੍ਰੀਤੀ
245 0 _aਦਲੀਪ ਕੌਰ ਟਿਵਾਣਾ ਦੇ ਪ੍ਰਮੁੱਖ ਨਾਵਲ ਤੁਲਨਾਤਮਕ ਪਰਿਪੇਖ
260 _aਅੰਮ੍ਰਿਤਸਰ
_bਨਾਨਕ ਸਿੰਘ ਪ੍ਰਸਤਕ ਮਾਲਾ ਭਾਰਤ
_c2003
650 _aਪੰਜਾਬੀ ਸਾਹਿਤ
942 _hO153,3N35:g, P3
_cTEXL
_2cc
999 _c1024147
_d1024147